BIBLIOTECA PODER JUDICIAL
Portal Judicial TDF

Los límites de la comunidad / (Registro nro. 385)

000 -LEADER
fixed length control field 00502nam a22001817a 4500
003 - CONTROL NUMBER IDENTIFIER
control field OSt
005 - DATE AND TIME OF LATEST TRANSACTION
control field 20180507080702.0
008 - FIXED-LENGTH DATA ELEMENTS--GENERAL INFORMATION
fixed length control field 180309b xxu||||| |||| 00| 0 spa d
020 ## - INTERNATIONAL STANDARD BOOK NUMBER
International Standard Book Number 8425909260
040 ## - CATALOGING SOURCE
Transcribing agency PJ
100 ## - MAIN ENTRY--PERSONAL NAME
9 (RLIN) 450
Personal name Thiebaut, Carlos
245 ## - TITLE STATEMENT
Title Los límites de la comunidad /
Statement of responsibility, etc CarlosThiebaut.
260 ## - PUBLICATION, DISTRIBUTION, ETC. (IMPRINT)
Place of publication, distribution, etc Madrid :
Name of publisher, distributor, etc Centros de Estudios Constitucionales,
Date of publication, distribution, etc 1992.
300 ## - PHYSICAL DESCRIPTION
Extent 222 p.
Dimensions 22 cm.
490 ## - SERIES STATEMENT
Series statement El Derecho y la Justicia
Volume number/sequential designation 31
650 #0 - SUBJECT ADDED ENTRY--TOPICAL TERM
9 (RLIN) 247
Topical term or geographic name as entry element SOCIOLOGIA
942 ## - ADDED ENTRY ELEMENTS (KOHA)
Source of classification or shelving scheme
Koha item type Libros
Existencias
Withdrawn status Lost status Source of classification or shelving scheme Damaged status Not for loan Permanent Location Current Location Date acquired Full call number Barcode Date last seen Price effective from Koha item type
          Biblioteca Poder Judicial Sur Biblioteca Poder Judicial Sur 2018-05-02 316.334 THI 2013 2018-05-02 2018-05-02 Libros

12 de Octubre 789 Ushuaia - Tel:  54(02901)441571
Horario de Atención: 8.00 a 17.00 hs. 
bibliotecaush@justierradelfuego.gov.ar
koha@justierradelfuego.gov.ar
Seguinos en nuestras redes @bibliojustdf 

Con tecnología Koha